Movie Quotes #1 - Statistics

General Stats
  • This quiz has been taken 24 times
    18 since last reset
  • The average score is 4 of 11
Answer Stats
Hint Answer % Correct
"Listen to me. Learn from me. I was not the best because I killed quickly. I was the best because the crowd loved me. Win the crowd and you will win your freedom." Gladiator
56%
“If you’re nothing without the suit, then you shouldn’t have it.” Spider-man: Homecoming
50%
"Look, ... : Everything the light touches is our kingdom." The Lion King
50%
“I don’t like sand. It’s coarse and rough and irritating, and it gets everywhere.” Star Wars: Episode II - Attack of the Clones
44%
"He may have been your father boy, but he wasn't your daddy" Guardians of the Galaxy
39%
"Some men just want to watch the world burn." The Dark Knight
39%
"I'll get you, my pretty, and your little dog, too!" The Wizard of Oz
39%
"Anyway, like I was sayin', shrimp is the fruit of the Sea." Forrest Gump
33%
"I don't think i said anything about a graveyard, professor" Harry Potter and the Goblet of Fire
33%
"I like the way you die, boy." Django Unchained
11%
"We used to look up at the sky and wonder at our place in the stars. Now, we just look down and worry about our place in the dirt." Interstellar
11%
No matching quizzes found
Score Distribution
Percent of People with Each Score
Percentile by Number Answered
Your Score History
You have not taken this quiz since the last reset